Buat duit dengan lembu

Bibliographic Details
Main Author: Johar Seman
Format: Book
Published: Kuala Lumpur : PTS Professional , 2009
Subjects:

MARC

LEADER 00000cam a2200000 7i4500
001 0000031454
005 20120229.0
008 120229
020 |a 9675226267 
090 0 0 |a 636.213   |b JOH 
100 1 |a Johar Seman 
245 1 0 |a Buat duit dengan lembu   |c Johar Seman 
260 |a Kuala Lumpur :   |b PTS Professional ,   |c 2009 
650 0 |a Beef cattle 
999 |a 0001140990   |b Book   |c Adult Collection   |e Perbadanan Perpustakaan Awam Johor 
999 |a 0001225924   |b Book   |c Adult Collection   |e Cawangan Pontian 
999 |a 0001225925   |b Book   |c Adult Collection   |e Cawangan Segamat 
999 |a 0001225926   |b Book   |c Adult Collection   |e Cawangan Bukit Gambir 
999 |a 0001225927   |b Book   |c Adult Collection   |e Cawangan Tangkak 
999 |a 0001225929   |b Book   |c Adult Collection   |e Cawangan Mersing 
999 |a 0001225930   |b Book   |c Adult Collection   |e Cawangan Kota Tinggi 
999 |a 0001225931   |b Book   |c Adult Collection   |e Cawangan Kota Tinggi 
999 |a 0001225932   |b Book   |c Adult Collection   |e Cawangan Bandar Tenggara 
999 |a 0001225934   |b Book   |c Adult Collection   |e Cawangan Muar 
999 |a 0001225935   |b Book   |c Adult Collection   |e Cawangan Bandar Penawar 
999 |a 0001225936   |b Book   |c Adult Collection   |e Cawangan Tmn. Ungku Tun Aminah